Az iparban is hasznosítható funkcionális anyagokat fejlesztettek szegedi kutatók
Elmentve itt :
| Dokumentumtípus: | Cikk |
|---|---|
| Megjelent: |
2021-07-01
|
| Sorozat: | Mti.hu
|
| Kulcsszavak: | Kónya Zoltán - tanszékvezető egyetemi tanár, Alkalmazott és Környezeti Kémiai Tanszék, Janáky Csaba - egyetemi docens - csoportvezető, MTA-SZTE Lendület Fotoelektrokémiai Kutatócsoport, Fizikai Kémiai és Anyagtudományi Tanszék, Kémiai Intézet, Természettudományi és Informatikai Kar - TTIK, Projekt - európai uniós, Fejlesztés - iparban is hasznosítható funkcionális anyagok |
| Online Access: | http://univ.bibl.u-szeged.hu/59521 |
| LEADER | 01066nab a2200157 i 4500 | ||
|---|---|---|---|
| 001 | univ59521 | ||
| 005 | 20210701114711.0 | ||
| 008 | 210701s2021 hu o 0|| hun d | ||
| 040 | |a SZTE UnivHistória Repozitórium |b hun | ||
| 041 | |a hun | ||
| 245 | 0 | 3 | |a Az iparban is hasznosítható funkcionális anyagokat fejlesztettek szegedi kutatók |h [elektronikus dokumentum] |
| 260 | |c 2021-07-01 | ||
| 490 | 0 | |a Mti.hu | |
| 561 | |a Egyetemi hirarchívum | ||
| 695 | |a Kónya Zoltán - tanszékvezető egyetemi tanár, Alkalmazott és Környezeti Kémiai Tanszék, Janáky Csaba - egyetemi docens - csoportvezető, MTA-SZTE Lendület Fotoelektrokémiai Kutatócsoport, Fizikai Kémiai és Anyagtudományi Tanszék, Kémiai Intézet, Természettudományi és Informatikai Kar - TTIK, Projekt - európai uniós, Fejlesztés - iparban is hasznosítható funkcionális anyagok | ||
| 856 | 4 | 0 | |u http://univ.bibl.u-szeged.hu/59521/1/2021-07-01%2006_31_26_mti.hu_Az%20iparban%20is%20hasznos%C3%ADthat%C3%B3%20funkcion%C3%A1lis%20anyagokat%20fejlesztettek%20szegedi%20kutat%C3%B3k.pdf |z Dokumentum-elérés |